Premier League Darts Winners - Statistics

General Stats
  • This quiz has been taken 20 times
  • The average score is 18 of 21
Answer Stats
Year Country Winner % Correct
2024 England Luke Littler
100%
2025 England Luke Humphries
94%
2012 England Phil Taylor
94%
2010 England Phil Taylor
94%
2008 England Phil Taylor
94%
2007 England Phil Taylor
94%
2006 England Phil Taylor
94%
2005 England Phil Taylor
94%
2023 Netherlands Michael van Gerwen
88%
2022 Netherlands Michael van Gerwen
88%
2019 Netherlands Michael van Gerwen
88%
2018 Netherlands Michael van Gerwen
88%
2017 Netherlands Michael van Gerwen
88%
2016 Netherlands Michael van Gerwen
88%
2013 Netherlands Michael van Gerwen
88%
2014 Netherlands Raymond van Barneveld
88%
2015 Scotland Gary Anderson
82%
2011 Scotland Gary Anderson
82%
2021 Wales Jonny Clayton
82%
2009 England James Wade
59%
2020 England Glen Durrant
29%
No matching quizzes found
Score Distribution
Percent of People with Each Score
Percentile by Number Answered
Your Score History
You have not taken this quiz